书目信息 |
| 题名: |
长江水系钢船建造规范
|
|
| 作者: | ;中华人民共和国船舶检验局 编 | |
| 分册: | 1978 | |
| 出版信息: | 北京 人民交通出版社 1978 |
|
| 页数: | 372页 | |
| 开本: | 19cm | |
| 丛书名: | ||
| 单 册: | ||
| 中图分类: | T-652.1 | |
| 科图分类: | ||
| 主题词: | 内河船-载重线--规范 , 稳定性-内河船--规范 , 载重线-内河船--规范 , 内河船-稳定性--规范 , 工业技术--规程 , 工业技术--标准 | |
| 电子资源: | ||
| ISBN: | ||
| 000 | 00941nam0 2200289 45 | |
| 001 | 0180004054 | |
| 005 | 20061123172850.62 | |
| 010 | @dCNY1.15 | |
| 091 | @a15044.6328 | |
| 100 | @a19950531d1978 em y0chiy0121 ea | |
| 101 | 0 | @achi |
| 102 | @aCN@b110000 | |
| 105 | @ay z 000yy | |
| 200 | 10 | @a长江水系钢船建造规范@Achang jiang shui xi gang chuan jian zao gui fan@h1978@f中华人民共和国船舶检验局编@Fzhong hua ren min gong he guo chuan bo jian yan ju bian |
| 210 | @a北京@c人民交通出版社@d1978 | |
| 215 | @a372页@d19cm | |
| 606 | @a内河船-载重线@x规范 | |
| 606 | @a稳定性-内河船@x规范 | |
| 606 | @a载重线-内河船@x规范 | |
| 606 | @a内河船-稳定性@x规范 | |
| 606 | 0 | @a工业技术@x规程 |
| 606 | 0 | @a工业技术@x标准 |
| 690 | @aT-652.1@v3 | |
| 711 | 0 | @a中华人民共和国船舶检验局@Azhong hua ren min gong he guo chuan bo jian yan ju@4编 |
| 801 | 0 | @aCN@bTSSF@c20061123 |
| 801 | 2 | @aCN@bNLC@c20060303 |
| 905 | @a10447@dT-652.1@e1 | |
| 长江水系钢船建造规范.1978/中华人民共和国船舶检验局编.-北京:人民交通出版社,1978 |
| 372页;19cm |
| ISBN :CNY1.15 |
| ● |
| 相关链接 |
|
|
|
|
正题名:长江水系钢船建造规范
索取号:T-652.1/1
 
预约/预借
| 序号 | 登录号 | 条形码 | 馆藏地/架位号 | 状态 | 备注 |
| 1 | 0002751 | 000882325 | 第二样本阅览室/ [索取号:T-652.1/1] | 在馆 |